00372 a2200109 4500001001000000005001700010008004100027245008100068100002800149773006800177999001700245ART_4259720260410161808.0260409a 10aReflexiones sobre paradigmas concursales en el derecho argentino y americano1 aTruffat, Edgardo Daniel0 tDoctrina Societaria y Concursalg- NÂș 270 (may. 2010)wREV4298 c21174d21174